Chandelier - Lyrics - Statistics

General Stats
  • This quiz has been taken 997 times
  • The average score is 17 of 21
Answer Stats
Lyrics % Correct
I'm gonna swing from the {chandelier}, from the {chandelier}
97%
I push it {down}, push it {down}
95%
I'm gonna live like tomorrow doesn't {exist}
94%
Like it doesn't {exist}
94%
1, 2, 3, 1, 2, 3 {drink}
90%
Won't look down won't open my {eyes}
90%
Party girls don't get {hurt}
88%
I feel the {love}, feel the {love}
86%
I'm gonna fly like a {bird} through the night
86%
But I'm holding on for dear {life}
84%
Help me, I'm holding on for dear {life}
84%
Keep my glass full until morning {light}
84%
'Cause I'm just holding on for {tonight}
83%
Can't feel anything, when will I {learn}
80%
Feel my tears as they {dry}
74%
Throw 'em back, till I lose {count}
70%
Phone's blowin' up, ringin' my {doorbell}
67%
I'm the one "for a good time {call}"
62%
Sun is up, I'm a {mess}
58%
Gotta get out now, gotta run from {this}
56%
Here comes the {shame}, here comes the {shame}
54%
No matching quizzes found
Score Distribution
Percent of People with Each Score
Percentile by Number Answered
Your Score History
You have not taken this quiz